000 00627nam a2200229Ia 4500
003 OSt
005 20220925232053.0
006 a|||||r|||| 00| 0
007 ta
008 220923b |||||||| |||| 00| 0 eng d
037 _cGeneral Book
040 _aRTL
_cRTL
_beng
041 _2eng
_aeng
082 _aU4.2.N7, M0
100 _aTirtha Ranjit
245 0 _aSociety and development in contemporary India
260 _aMichigan
_bHarlo Press
_c1980
300 _a368p
_ccm.
650 _aAnthropo-Geography
_9232664
942 _hU4.2.N7, M0
_cGB
_2CC
999 _c590203
_d590203